Tendencia poblacional del venado cola blanca en un bosque tropical caducifolio de Jalisco (Registro nro. 10668)

Detalles MARC
000 -CABECERA
Campo de control 005820000a22001690004500
090 ## - CLASIFICACIÓN LOCAL
Colección AR
Consecutivo 01587
041 0# - IDIOMA
Código de idioma para texto/pista de sonido o título separado
100 1# - ASIENTO PRINCIPAL--NOMBRE PERSONAL
Nombre personal Cabrera Valtierra, Manuel
245 10 - MENCION DE TITULO
Título Tendencia poblacional del venado cola blanca en un bosque tropical caducifolio de Jalisco
650 14 - ASIENTO SECUNDARIO DE MATERIA - TERMINO TEMATICO
Término temático o nombre geográfico como elemento de entrada Dinámica poblacional
650 14 - ASIENTO SECUNDARIO DE MATERIA - TERMINO TEMATICO
Término temático o nombre geográfico como elemento de entrada Ecología de poblaciones
650 14 - ASIENTO SECUNDARIO DE MATERIA - TERMINO TEMATICO
Término temático o nombre geográfico como elemento de entrada Uso del hábitat
651 #4 - ASIENTO SECUNDARIO DE MATERIA - NOMBRE GEOGRAFICO
-- Chamela
-- Jalisco
-- México
653 ## - TERMINO DE INDIZACION - NO CONTROLADO
-- Odocoileus
-- Odocoileus virginianus
773 1# - Item fuente:
Título Simposio sobre Fauna Silvestre
Especificación de materiales 559
Paginas del Articulo 298-305
Lugar, editorial y fecha de publicación 1992
942 ## - ELEMENTOS ADICIONALES (KOHA)
Tipo de ítem Artículo
Existencias
Withdrawn status Lost status Damaged status No para préstamo Colección Ubicación Permanente Ubicación actual Fecha de adquisición Datos de publicación Seriada Total Checkouts Número topográfico Inventario / Código de Barras Date last seen Ejemplar Price effective from Forma de adquisición Tipo de material
      No para Préstamo Hemeroteca Bogotá Bogotá 27/02/2015 Fuera de circulación   AR 01587 011947 25/03/2015 1 25/03/2015   Artículo